| 000 | 00328nam a2200133Ia 4500 | ||
|---|---|---|---|
| 008 | 230917s9999||||xx |||||||||||||| ||und|| | ||
| 040 |
_e96616 _aMAIN |
||
| 041 | _aEnglish | ||
| 082 | _a320 D536P | ||
| 100 | _aDhan Singh | ||
| 245 | 0 | _aPunjab Congress Samajvadi Party ke Prem Bashin ka yogdan | |
| 300 | _a193 p. | ||
| 942 | _cTH | ||
| 999 |
_c88116 _d88116 |
||